LEADER 01362nam0 22003133i 450 001 CAG1222342 005 20231121125421.0 010 $a8883341899 100 $a20070305d2006 ||||0itac50 ba 101 | $aita 102 $ait 181 1$6z01$ai $bxxxe 182 1$6z01$an 200 1 $aCittą e vita cittadina nei paesi dell'area mediterranea$esecoli 11. -15.$eatti del Convegno internazionale in onore di Salvatore Tramontana$eAdrano-Bronte-Catania-Palermo, 18-22 novembre 2003$fa cura di Biagio Saitta 210 $aRoma$cViella$d2006 215 $a831 p.$cill.$d24 cm 606 $aCittą$xCondizioni economiche e sociali$xPaesi mediterranei$xSec. 11.-15.$2FIR$3LO1C389948$9I 676 $a909.091822$9$v21 702 1$aTramontana$b, Salvatore$3CFIV011819$4070 702 1$aSaitta$b, Biagio$f <1939- >$3CFIV021534 801 3$aIT$bIT-01$c20070305 850 $aIT-RM0151 $aIT-FR0017 899 $aBiblioteca Istituto Storico Italiano Medio Evo - I$bRM0151 899 $aBiblioteca umanistica Giorgio Aprea$bFR0017 $eN 912 $aCAG1222342 950 0$aBiblioteca umanistica Giorgio Aprea$d 52MAG 5/1556$e 52SBA0000176485 VMN RS $fA $h20140728$i20140728 977 $a 41$a 52 996 $aCittą e vita cittadina nei paesi dell'area mediterranea$988951 997 $aUNICAS